Исследования структуры и свойств цементных бетонов: межвузовский сборник

Библиографические подробности
Автор-организация: Казанский инженерно-строительный институт (КИСИ)
Другие авторы: Попко В. Н. Владимир Николаевич (редактор)
Язык:русский
Опубликовано: Казань, Изд-во КИСИ, 1981
Предметы:
Формат: Книга
Запись в KOHA:https://koha.lib.tpu.ru/cgi-bin/koha/opac-detail.pl?biblionumber=309730

MARC

LEADER 00000nam0a2200000 4500
001 309730
005 20260327143713.0
020 |a RU  |b 82-4501 
035 |a (RuTPU)RU\TPU\book\335069 
090 |a 309730 
100 |a 20151117d1981 km y0rusy5003 ca 
101 0 |a rus 
102 |a RU 
105 |a a z 001zy 
200 1 |a Исследования структуры и свойств цементных бетонов  |e межвузовский сборник  |f Казанский инженерно-строительный институт (КИСИ) ; под ред. В. Н. Попко 
210 |a Казань  |c Изд-во КИСИ  |d 1981 
215 |a 80,4 с.  |c ил. 
320 |a Библиогр. в конце ст. 
606 1 |a Бетон цементный  |2 stltpush  |3 (RuTPU)RU\TPU\subj\35524  |9 57185 
606 |a Бетон  |x Структура  |2 stltpush  |3 (RuTPU)RU\TPU\subj\28378  |9 51908 
610 1 |a свойства 
610 1 |a исследования 
610 1 |a вяжущие композиции 
610 1 |a заполнители 
610 1 |a химические добавки 
610 1 |a технологические факторы 
675 |a 691.327:53  |z rus  |v 3 
675 |a 666.972  |z rus  |v 3 
702 1 |a Попко  |b В. Н.  |g Владимир Николаевич  |4 340 
712 0 2 |a Казанский инженерно-строительный институт (КИСИ)  |c (1957-1995)  |2 stltpush  |3 (RuTPU)RU\TPU\col\14863 
801 0 |a RU  |b RuMRKP  |c 19950704  |g psbo 
801 1 |a RU  |b 63413507  |c 20151117 
801 2 |a RU  |b 63413507  |c 20190923  |g RCR 
942 |c BK